Archivmaterialien zu Siegfried Baske, 1926-2008
| Autor principal: | |
|---|---|
| Tipo de documento: | Electrónico Archival Collections |
| Lenguaje: | Alemán |
| En: | Año: 2019 |
| Acceso en línea: |
Archivdatenbank (Kalliope Verbundkatalog) |
| Verificar disponibilidad: | HBZ Gateway |
MARC
| LEADER | 00000npc a22000002 4500 | ||
|---|---|---|---|
| 001 | LR120081202 | ||
| 003 | PipeLineGenerated | ||
| 005 | 20260508112529.0 | ||
| 008 | 190606s2019 xx ||||| 00| ||ger c | ||
| 100 | |a Baske, Siegfried |0 (DE-588)120081202 |0 (DE-627)08043343X |d 1926-2008 | ||
| 245 | |a Archivmaterialien zu Siegfried Baske, 1926-2008 | ||
| 856 | |u https://kalliope-verbund.info/gnd/120081202 |3 Archivdatenbank (Kalliope Verbundkatalog) | ||
| ELC | |a 1 | ||
